000 nam a22 7a 4500
999 _c28163
_d28163
008 170220b xxu||||| |||| 00| 0 eng d
050 _aML 3939 .H3E94 1994
100 _aEwen, David
245 _aHaydn :
_bA good Life /
260 _aNew York :
_bHenry Holt ,
_c1946 .
300 _a245p. :
_bill. ;
500 _aincludes index
942 _2lcc
_cBOOKS
_hML 3939 .H3E94 1994